Statistics for Best-selling Flavors of Gum

Click here to take the quiz!

General Stats

  • This quiz has been taken 63 times
  • The average score is 6 of 10

Answer Stats

Flavor % Correct
Berry
80%
Mint
76%
Bubble gum
69%
Spearmint
59%
Citrus
56%
Mixed fruit
51%
Peppermint
49%
Cinnamon
47%
Watermelon
41%
Wintergreen
31%

Score Distribution

Percentile by Number Answered

Percent of People with Each Score

Your Score History

You have not taken this quiz